00712nam a2200253 a 450000100060000000300080000600500170001400800410003102000180007203500190009004000370010904100080014608200240015410000290017824500270020726000300023430000200026449000390028450400290032360000270035265000080037965000320038783000390041973863BD-RjUL20211209082445.0170613s1985 fr b 000 1 fre d a9782253008873 a(BD-RjUL)74081 aDLCcDLCdm.cdm/cdBD-RjULbeng aeng 223a843.8bZOL 19851 aZola, Emile.d1840-1902.12aL'œuvre /cEmile Zola aParis :bFasquelle,c1985 a477 p. ;c18 cm0 aGarnier Flammarion (Series) ;v278 aBibliography: p. [55]-60 aZola, Emiled1840-1902 aArt aPaintersxSocial conditions aGarnier Flammarion (Series) ;v278